000 00487nam a2200169 i 4500
001 90772
003 ES-MaACL
005 20230906180546.0
007 t|
008 050124s1961 sp ||||1| spa d
100 1 _aLeclercq, Jacques.
_971094
245 1 3 _aLa familia /
_cJacques Leclercq ; [traducción española de Juan Ventosa].
260 _aBarcelona :
_bHerder,
_c1961.
300 _a384 p. ;
_c23 cm.
700 1 _aVentosa, Juan.
_9113907
852 _aES-MaACL
_jC-18411
_bR.47202
999 _c90772
_d90772